| 000 | 00711nam a22001937a 4500 | ||
|---|---|---|---|
| 001 | 1564 | ||
| 005 | 20230918133207.0 | ||
| 020 | _a9780006380726 | ||
| 040 |
_aDLC _cDLC _dDLC _beng |
||
| 050 | 0 | 0 |
_aDS465 _b.K43 1994 |
| 082 | 0 | 0 |
_a954.03/1 _220 |
| 100 | 1 | _aKeay, John. | |
| 245 | 1 | 4 |
_aThe honourable company : _ba history of the English East India Company / _cJohn Keay. |
| 260 |
_aLondon : _bHarperCollins, _c1994. |
||
| 300 |
_a475 pages : _billustrations, maps ; _c20 cm. |
||
| 520 | _aA history of the company from its beginnings as an association of Elizabethan tradesmen to its becoming one of the most powerful forces in the world. | ||
| 906 |
_a7 _bcbc _corignew _d1 _eocip _f19 _gy-gencatlg |
||
| 942 |
_2ddc _cBK _n0 |
||
| 999 |
_c1564 _d1564 |
||